000 00284nam a22001337a 4500
008 170818b xxu||||| |||| 00| 0 eng d
020 _a9780134332987
041 _aeng
080 _a51
100 _a37
101 _aMAT
245 _aADVANCED ALGEBRA
_cHALL.P
942 _2udc
_cBK
999 _c24144
_d24144